000 00851nam a2200217 i 4500
001 38793
003 ES-MaACL
005 20231218195701.0
007 t|
008 030226s1936 sp ||||1| spa d
080 _a305-055.2(460)"19"
080 _a347.15/.17-055.2(460)"19"
100 1 _aCampoamor, Clara,
_d1888-1972
_934230
245 1 3 _aEl derecho de la mujer :
_bLa mujer y su nuevo ambiente ; La nueva mujer ante el derecho ; Antes de que te cases /
_cpor Clara Campoamor.
260 _aMadrid :
_bLibrería Beltrán,
_c[1936] (
_fTorrent)
300 _a171 p. ;
_c19 cm.
650 4 _aMujeres-
_zEspaña-
_xSituación social.
_915284
650 4 _aMujeres-
_xEstatuto jurídico-
_zEspaña.
_915286
852 4 _aES-MaACL
_jC-51117
_z- Anotación autógrafa de la autora: "Recuerdo de 1936, Clara"
999 _c38793
_d38793